[Event "FIDE Online Olympiad Div 2 Pool A 2020"]
[Site "Online"]
[Date "2020.08.16"]
[Round "7"]
[White "Schneider, Jana"]
[Black "De Rycke, Tyani"]
[Result "1-0"]
[WhiteElo "2271"]
[BlackElo "1832"]
[Annotator "broadcasts"]
[PlyCount "115"]
[EventDate "2020.08.14"]
[EventType "team-tourn"]
[TimeControl "900+5"]

1. e4 {[%emt 0:00:02]} c5 {[%emt 0:00:02]} 2. Nf3 {[%emt 0:00:02]} e6 {[%emt 0:00:02]} 3. d4 {[%emt 0:00:02]} cxd4 {[%emt 0:00:03]} 4. Nxd4 {[%emt 0:00:01]} Nf6 {[%emt 0:00:01]} 5. Nc3 {[%emt 0:00:02]} Nc6 {[%emt 0:00:02]} 6. Ndb5 {[%emt 0:00:05]} Bb4 {[%emt 0:00:04]} 7. a3 {[%emt 0:00:01]} Bxc3+ {[%emt 0:00:02]} 8. Nxc3 {[%emt 0:00:02]} O-O {[%emt 0:00:03]} 9. Bd3 {[%emt 0:00:32]} d5 {[%emt 0:00:04]} 10. exd5 {[%emt 0:00:04]} exd5 {[%emt 0:00:02]} 11. O-O {[%emt 0:00:03]} d4 {[%emt 0:00:07]} 12. Ne2 {[%emt 0:00:04]} Bg4 {[%emt 0:00:06]} 13. Bg5 {[%emt 0:00:03]} h6 {[%emt 0:00:11]} 14. Bh4 {[%emt 0:00:14]} Qd6 {[%emt 0:00:32]} 15. Re1 {[%emt 0:00:12]} Rfe8 {[%emt 0:00:07]} 16. Qd2 {[%emt 0:00:05]} Rad8 {[%emt 0:00:37]} 17. Bg3 {[%emt 0:03:36]} Qd7 {[%emt 0:00:59]} 18. Nf4 {[%emt 0:00:52]} Rxe1+ {[%emt 0:02:32]} 19. Rxe1 {[%emt 0:00:05]} Re8 {[%emt 0:00:03]} 20. Rxe8+ {[%emt 0:00:37]} Qxe8 {[%emt 0:00:05]} 21. h3 {[%emt 0:00:03]} Be6 {[%emt 0:01:14]} 22. Bb5 {[%emt 0:00:46]} Ne4 {[%emt 0:02:30]} 23. Qd3 {[%emt 0:00:18]} Nxg3 {[%emt 0:00:18]} 24. Qxg3 {[%emt 0:00:33]} Bf5 {[%emt 0:01:23]} 25. Bd3 {[%emt 0:03:00]} Bxd3 {[%emt 0:00:58]} 26. Qxd3 {[%emt 0:00:02]} Qe1+ {[%emt 0:00:17]} 27. Qf1 {[%emt 0:00:15]} Qd2 {[%emt 0:00:06]} 28. Nd5 {[%emt 0:00:43]} Qxc2 {[%emt 0:00:25]} 29. Qb5 {[%emt 0:00:33]} d3 {[%emt 0:01:18]} 30. Ne3 {[%emt 0:00:05]} Qc1+ {[%emt 0:00:06]} 31. Kh2 {[%emt 0:00:01]} d2 {[%emt 0:00:15]} 32. Qxb7 {[%emt 0:00:03]} Nd4 {[%emt 0:01:06]} 33. Qa8+ {[%emt 0:00:11]} Kh7 {[%emt 0:00:40]} 34. Qe4+ {[%emt 0:00:02]} g6 {[%emt 0:00:11]} 35. Qxd4 {[%emt 0:00:01]} Qe1 {[%emt 0:00:13]} 36. Qf6 {[%emt 0:00:56]} d1=Q {[%emt 0:00:15]} 37. Qxf7+ {[%emt 0:00:09]} Kh8 {[%emt 0:00:03]} 38. Nxd1 {[%emt 0:00:03]} Qxd1 {[%emt 0:00:07]} 39. Qxg6 {[%emt 0:00:10]} Qd2 {[%emt 0:00:02]} 40. Qf6+ {[%emt 0:00:05]} Kg8 {[%emt 0:00:07]} 41. f4 {[%emt 0:00:09]} a5 {[%emt 0:00:07]} 42. Qg6+ {[%emt 0:00:07]} Kf8 {[%emt 0:00:07]} 43. Qxh6+ {[%emt 0:00:03]} Kf7 {[%emt 0:00:01]} 44. Qh7+ {[%emt 0:00:10]} Kf8 {[%emt 0:00:07]} 45. Qh8+ {[%emt 0:00:04]} Kf7 {[%emt 0:00:01]} 46. Qe5 {[%emt 0:00:03]} Kg8 {[%emt 0:00:30]} 47. f5 {[%emt 0:00:10]} Kf8 {[%emt 0:00:22]} 48. f6 {[%emt 0:00:12]} Kf7 {[%emt 0:00:01]} 49. Qe7+ {[%emt 0:00:03]} Kg6 {[%emt 0:00:02]} 50. Qg7+ {[%emt 0:00:06]} Kf5 {[%emt 0:00:07]} 51. f7 {[%emt 0:00:08]} Qd6+ {[%emt 0:00:14]} 52. Qg3 {[%emt 0:00:02]} Qf8 {[%emt 0:00:05]} 53. Qf3+ {[%emt 0:00:13]} Ke6 {[%emt 0:00:09]} 54. b4 {[%emt 0:00:17]} axb4 {[%emt 0:00:05]} 55. axb4 {[%emt 0:00:01]} Qd6+ {[%emt 0:00:02]} 56. Kh1 {[%emt 0:00:12]} Qf8 {[%emt 0:00:10]} 57. b5 {[%emt 0:00:04]} Kd7 {[%emt 0:00:05]} 58. Qc6+ {[%emt 0:00:07]} 1-0

[Event "FIDE Online Olympiad Div 2 Pool A 2020"]
[Site "Online"]
[Date "2020.08.16"]
[Round "7"]
[White "Michiels, Bart"]
[Black "Svane, Rasmus"]
[Result "0-1"]
[WhiteElo "2242"]
[BlackElo "2541"]
[Annotator "TA"]
[PlyCount "132"]
[EventDate "2020.08.14"]
[EventType "team-tourn"]

{[%evp 9,132,24,25,21,36,31,31,33,37,20,25,0,8,0,31,9,35,8,8,8,9,0,7,0,0,0,22,20,12,15,22,2,20,-27,0,-16,0,-4,-8,-11,0,-8,0,-43,-35,-43,-37,-35,-19,-35,-32,-45,0,-26,-25,-23,-23,-28,-26,-41,-26,-52,-39,-48,0,-50,0,-53,-42,-51,-46,-48,-30,-79,-48,-52,-37,-60,-55,-129,-138,-141,-133,-131,-133,-109,-124,-171,-161,-154,-149,-285,-280,-314,-268,-409,-161,-211,-45,-226,-214,-233,-225,-217,-209,-233,-218,-225,-294,-449,-440,-671,-656,-657,-655,-628,-626,-29977,-29978,-29978,-29979,-29979,-29980,-29980,-29981]} 1. c4 e6 2. Nc3 d5 3. d4 a6 4. cxd5 exd5 5. Nf3 Nf6 6. Bg5 {D37: Queen's Gambit Declined: 5 Bf4.} Be6 7. e3 Nbd7 8. Bd3 {White is slightly better.} Bd6 9. Qc2 c6 10. Bh4 h6 11. Bg3 Qc7 12. O-O O-O 13. Rab1 Bxg3 14. hxg3 {[#]} Rfc8 $146 ({Predecessor:} 14... c5 15. dxc5 Qxc5 16. Qa4 Rac8 17. Rfc1 Qe7 18. Qd4 Nc5 19. b3 Rc7 20. Rc2 Rfc8 {1-0 (45) Sarana,A (2457)-Moiseenko,V (2520) Taganrog 2017}) 15. Ne2 Bg4 16. Nf4 Qd6 17. Rfc1 g5 18. Ne2 Kg7 19. Nc3 Rh8 20. Re1 Rae8 21. Rbd1 Re7 22. Bf5 Rhe8 23. Bxg4 Nxg4 24. Qf5 Qe6 25. Qxe6 Rxe6 26. Ne2 Nb6 27. Nc1 Nc4 28. Nd3 R6e7 29. b3 Nd6 30. Nfe5 Nxe5 (30... h5 {keeps more tension.} 31. Nxg4 hxg4 32. Kf1 Ne4 33. Rc1 Rh8) 31. Nxe5 f6 32. Nd3 h5 33. Kf1 Nf5 34. Rd2 Kg6 35. Rde2 Rh8 36. Kg1 Rhe8 37. Kf1 Rh8 38. Kg1 Reh7 39. Nc5 Re8 40. Nd3 a5 41. Nc5 Rhe7 42. Kf1 h4 43. g4 Nd6 44. f3 {[#]} (44. a4 $15) 44... f5 $1 $17 45. Nd3 fxg4 46. Ne5+ Rxe5 $1 47. dxe5 Rxe5 {[%mdl 4096] Endgame KRR-KRN} 48. e4 gxf3 49. gxf3 dxe4 50. fxe4 (50. Kg1 $17 {might work better.}) 50... g4 $19 51. Kg2 Kg5 52. Rd2 (52. a4 $142) 52... Re6 $2 (52... Rxe4 53. Rxe4 Nxe4) 53. e5 Nf5 $2 (53... Nf7 $19 54. Rd7 Rxe5 55. Rxe5+ Nxe5 56. Rxb7 Kf4) 54. Rd8 $2 {This move loses the game for White.} (54. Rd7 $15) 54... Kf4 55. Rf1+ Ke4 {Threatens to win with ...Ne3+.} ({Not} 55... Kxe5 56. Re1+ Kf6 57. Rf8+ Ke7 58. Re8+ Kxe8 59. Rxe6+ Kf7 60. Re5 $15) 56. Re1+ Ne3+ 57. Kg1 Rxe5 58. Rh8 h3 59. Kf2 (59. Kh2 {was worth a try.}) 59... Rf5+ 60. Kg3 (60. Kg1 $142 Rf3 61. Kh2) 60... Rf3+ 61. Kh2 Kd3 62. Rd8+ Kc3 63. Re2 g3+ {Black mates.} 64. Kxh3 g2+ 65. Kh2 {[#]} Rh3+ $1 {[%mdl 576] Deflection, Promotion} 66. Kxh3 g1=Q {Accuracy: White = 59%, Black = 83%.} 0-1

[Event "FIDE Online Olympiad Div 2 Pool A 2020"]
[Site "Online"]
[Date "2020.08.16"]
[Round "7"]
[White "Wagner, Dennis"]
[Black "Lenaerts, Lennert"]
[Result "1/2-1/2"]
[WhiteElo "2238"]
[BlackElo "2265"]
[Annotator "broadcasts"]
[PlyCount "82"]
[EventDate "2020.08.14"]
[EventType "team-tourn"]
[TimeControl "900+5"]

1. Nf3 {[%emt 0:00:01]} d5 {[%emt 0:00:03]} 2. e3 {[%emt 0:00:02]} Nf6 {[%emt 0:00:01]} 3. c4 {[%emt 0:00:02]} c6 {[%emt 0:00:05]} 4. d4 {[%emt 0:00:31]} Bg4 {[%emt 0:00:15]} 5. Nc3 {[%emt 0:00:14]} e6 {[%emt 0:00:03]} 6. h3 {[%emt 0:00:01]} Bh5 {[%emt 0:00:02]} 7. g4 {[%emt 0:00:35]} Bg6 {[%emt 0:00:03]} 8. Ne5 {[%emt 0:00:00]} Nbd7 {[%emt 0:00:02]} 9. Nxg6 {[%emt 0:00:06]} hxg6 {[%emt 0:00:00]} 10. a3 {[%emt 0:00:14]} g5 {[%emt 0:00:29]} 11. Qf3 {[%emt 0:00:34]} Be7 {[%emt 0:00:49]} 12. cxd5 {[%emt 0:01:51]} cxd5 {[%emt 0:00:48]} 13. Bd2 {[%emt 0:00:52]} Rc8 {[%emt 0:00:10]} 14. Bd3 {[%emt 0:00:28]} Nb6 {[%emt 0:00:46]} 15. b3 {[%emt 0:01:01]} a6 {[%emt 0:00:26]} 16. Kf1 {[%emt 0:00:03]} Bd6 {[%emt 0:00:25]} 17. Kg2 {[%emt 0:00:49]} Qe7 {[%emt 0:00:05]} 18. e4 {[%emt 0:00:19]} Rxc3 {[%emt 0:04:21]} 19. e5 {[%emt 0:04:35]} Rxb3 {[%emt 0:02:57]} 20. Bxg5 {[%emt 0:00:19]} Nbd7 {[%emt 0:00:02]} 21. Rhc1 {[%emt 0:01:21]} Kd8 {[%emt 0:00:02]} 22. exd6 {[%emt 0:02:24]} Qxd6 {[%emt 0:00:01]} 23. Bf4 {[%emt 0:00:07]} e5 {[%emt 0:00:00]} 24. dxe5 {[%emt 0:00:10]} Nxe5 {[%emt 0:00:01]} 25. Qe2 {[%emt 0:00:03]} Nfd7 {[%emt 0:00:10]} 26. Qc2 {[%emt 0:00:19]} Qf6 {[%emt 0:00:28]} 27. Qc7+ {[%emt 0:00:04]} Ke8 {[%emt 0:00:07]} 28. Bxe5 {[%emt 0:00:02]} Nxe5 {[%emt 0:00:11]} 29. Qc8+ {[%emt 0:00:07]} Ke7 {[%emt 0:00:01]} 30. Qc7+ {[%emt 0:00:05]} Ke8 {[%emt 0:00:02]} 31. Bf5 {[%emt 0:00:03]} g6 {[%emt 0:01:21]} 32. Qb8+ {[%emt 0:00:04]} Ke7 {[%emt 0:00:01]} 33. Rc7+ {[%emt 0:00:03]} Kd6 {[%emt 0:00:01]} 34. Rd7+ {[%emt 0:00:05]} Kc5 {[%emt 0:00:04]} 35. Qc7+ {[%emt 0:00:03]} Nc6 {[%emt 0:00:14]} 36. Rc1+ {[%emt 0:00:02]} Rc3 {[%emt 0:00:04]} 37. Rxc3+ {[%emt 0:00:06]} Qxc3 {[%emt 0:00:00]} 38. Qd6+ {[%emt 0:00:06]} Kb6 {[%emt 0:00:03]} 39. Qc7+ {[%emt 0:00:02]} Kc5 {[%emt 0:00:34]} 40. Qd6+ {[%emt 0:00:17]} Kb6 {[%emt 0:00:42]} 41. Qc7+ {[%emt 0:00:08]} Kc5 {[%emt 0:00:24]} 1/2-1/2

[Event "FIDE Online Olympiad Div 2 Pool A 2020"]
[Site "Online"]
[Date "2020.08.16"]
[Round "7"]
[White "Osmanodja, Filiz"]
[Black "Musabayeva, Diana"]
[Result "1-0"]
[WhiteElo "2086"]
[BlackElo "1704"]
[Annotator "broadcasts"]
[PlyCount "55"]
[EventDate "2020.08.14"]
[EventType "team-tourn"]
[TimeControl "900+5"]

1. e4 {[%emt 0:00:02]} c5 {[%emt 0:00:03]} 2. Nc3 {[%emt 0:00:02]} d6 {[%emt 0:00:03]} 3. Nf3 {[%emt 0:00:02]} Nf6 {[%emt 0:00:11]} 4. d4 {[%emt 0:00:08]} cxd4 {[%emt 0:00:13]} 5. Nxd4 {[%emt 0:00:00]} a6 {[%emt 0:00:31]} 6. Be3 {[%emt 0:00:01]} e5 {[%emt 0:00:27]} 7. Nf3 {[%emt 0:00:13]} h6 {[%emt 0:00:09]} 8. Bc4 {[%emt 0:00:05]} Be6 {[%emt 0:00:04]} 9. Bb3 {[%emt 0:00:04]} Be7 {[%emt 0:00:10]} 10. O-O {[%emt 0:00:35]} O-O {[%emt 0:00:05]} 11. Qe2 {[%emt 0:01:36]} Nbd7 {[%emt 0:00:24]} 12. Rad1 {[%emt 0:00:15]} Qc7 {[%emt 0:00:09]} 13. Nh4 {[%emt 0:00:43]} Rfe8 {[%emt 0:03:48]} 14. Nf5 {[%emt 0:00:28]} Bxf5 {[%emt 0:00:40]} 15. exf5 {[%emt 0:00:02]} Nc5 {[%emt 0:00:02]} 16. Nd5 {[%emt 0:00:26]} Nxd5 {[%emt 0:00:04]} 17. Bxd5 {[%emt 0:00:01]} Rac8 {[%emt 0:00:18]} 18. Qg4 {[%emt 0:00:29]} Kf8 {[%emt 0:00:36]} 19. Qh5 {[%emt 0:01:23]} Bf6 {[%emt 0:03:10]} 20. b4 {[%emt 0:02:14]} Na4 {[%emt 0:00:38]} 21. Bb3 {[%emt 0:00:03]} Nb2 {[%emt 0:00:48]} 22. Rxd6 {[%emt 0:00:17]} g6 {[%emt 0:01:11]} 23. fxg6 {[%emt 0:02:35]} Qxd6 {[%emt 0:00:44]} 24. g7+ {[%emt 0:00:05]} Kxg7 {[%emt 0:00:14]} 25. Bxh6+ {[%emt 0:01:16]} Kh8 {[%emt 0:01:09]} 26. Bf8+ {[%emt 0:00:44]} Kg8 {[%emt 0:00:07]} 27. Qxf7+ {[%emt 0:00:04]} Kh8 {[%emt 0:00:04]} 28. Qh5# {[%emt 0:00:01]} 1-0

[Event "FIDE Online Olympiad Div 2 Pool A 2020"]
[Site "Online"]
[Date "2020.08.16"]
[Round "7"]
[White "Huynh, Laurent"]
[Black "Engel, Luis"]
[Result "0-1"]
[WhiteElo "1866"]
[BlackElo "2129"]
[Annotator "broadcasts"]
[PlyCount "110"]
[EventDate "2020.08.14"]
[EventType "team-tourn"]
[TimeControl "900+5"]

1. e4 {[%emt 0:00:01]} c5 {[%emt 0:00:02]} 2. Nf3 {[%emt 0:00:02]} d6 {[%emt 0:00:01]} 3. d4 {[%emt 0:00:01]} cxd4 {[%emt 0:00:00]} 4. Nxd4 {[%emt 0:00:01]} Nf6 {[%emt 0:00:02]} 5. Nc3 {[%emt 0:00:01]} Nc6 {[%emt 0:00:03]} 6. Bg5 {[%emt 0:00:01]} e6 {[%emt 0:00:02]} 7. Qd2 {[%emt 0:00:03]} a6 {[%emt 0:00:01]} 8. O-O-O {[%emt 0:00:03]} Bd7 {[%emt 0:00:02]} 9. f4 {[%emt 0:00:03]} Be7 {[%emt 0:00:02]} 10. Bxf6 {[%emt 0:00:18]} Bxf6 {[%emt 0:00:28]} 11. Nf3 {[%emt 0:01:42]} Be7 {[%emt 0:01:30]} 12. Kb1 {[%emt 0:00:20]} Qc7 {[%emt 0:00:16]} 13. g3 {[%emt 0:01:34]} O-O-O {[%emt 0:00:48]} 14. Bd3 {[%emt 0:02:23]} Kb8 {[%emt 0:00:04]} 15. Rhe1 {[%emt 0:01:58]} Rc8 {[%emt 0:02:22]} 16. Ne2 {[%emt 0:02:26]} Rhd8 {[%emt 0:01:11]} 17. c3 {[%emt 0:00:41]} Be8 {[%emt 0:01:28]} 18. Ned4 {[%emt 0:00:32]} Na5 {[%emt 0:00:41]} 19. Qe2 {[%emt 0:00:57]} g6 {[%emt 0:01:44]} 20. Rc1 {[%emt 0:01:46]} e5 {[%emt 0:00:46]} 21. Nb3 {[%emt 0:00:22]} Nxb3 {[%emt 0:00:05]} 22. axb3 {[%emt 0:00:02]} exf4 {[%emt 0:01:02]} 23. gxf4 {[%emt 0:00:03]} d5 {[%emt 0:00:35]} 24. e5 {[%emt 0:00:32]} Qb6 {[%emt 0:00:20]} 25. b4 {[%emt 0:00:21]} a5 {[%emt 0:00:19]} 26. b5 {[%emt 0:00:14]} a4 {[%emt 0:00:22]} 27. Rc2 {[%emt 0:00:05]} Bd7 {[%emt 0:00:22]} 28. Qf1 {[%emt 0:00:20]} Rc7 {[%emt 0:00:33]} 29. Rec1 {[%emt 0:00:18]} Rdc8 {[%emt 0:00:05]} 30. h4 {[%emt 0:00:04]} Bc5 {[%emt 0:00:12]} 31. Re1 {[%emt 0:00:07]} a3 {[%emt 0:00:32]} 32. b3 {[%emt 0:00:06]} Be3 {[%emt 0:00:25]} 33. c4 {[%emt 0:00:02]} dxc4 {[%emt 0:00:12]} 34. bxc4 {[%emt 0:00:02]} Bxf4 {[%emt 0:00:13]} 35. Nd2 {[%emt 0:00:13]} Bxd2 {[%emt 0:00:25]} 36. Rxd2 {[%emt 0:00:01]} Be6 {[%emt 0:00:02]} 37. Rc2 {[%emt 0:00:06]} Qa5 {[%emt 0:00:01]} 38. Rec1 {[%emt 0:00:03]} Qb4+ {[%emt 0:00:03]} 39. Ka1 {[%emt 0:00:02]} Qc5 {[%emt 0:00:03]} 40. Qf4 {[%emt 0:00:04]} Rd8 {[%emt 0:00:01]} 41. Be2 {[%emt 0:00:03]} Rcd7 {[%emt 0:00:03]} 42. Bf3 {[%emt 0:00:07]} Rd4 {[%emt 0:00:02]} 43. Qe3 {[%emt 0:00:03]} Bf5 {[%emt 0:00:06]} 44. Rc3 {[%emt 0:00:02]} Re8 {[%emt 0:00:17]} 45. e6 {[%emt 0:00:10]} Rxe6 {[%emt 0:00:06]} 46. Qf2 {[%emt 0:00:02]} Qe5 {[%emt 0:00:07]} 47. Bd5 {[%emt 0:00:02]} Re7 {[%emt 0:00:11]} 48. Qa2 {[%emt 0:00:03]} Rd3 {[%emt 0:00:17]} 49. Qxa3 {[%emt 0:00:03]} Rxc3 {[%emt 0:00:01]} 50. Rxc3 {[%emt 0:00:05]} Qf6 {[%emt 0:00:02]} 51. Ka2 {[%emt 0:00:05]} Re2+ {[%emt 0:00:02]} 52. Kb3 {[%emt 0:00:01]} Qxc3+ {[%emt 0:00:12]} 53. Kxc3 {[%emt 0:00:02]} Re3+ {[%emt 0:00:00]} 54. Kb4 {[%emt 0:00:01]} Rxa3 {[%emt 0:00:00]} 55. Kxa3 {[%emt 0:00:00]} Be6 {[%emt 0:00:02]} 0-1

[Event "FIDE Online Olympiad Div 2 Pool A 2020"]
[Site "Online"]
[Date "2020.08.16"]
[Round "7"]
[White "Cuvelier, Annelies"]
[Black "Schulze, Lara"]
[Result "1/2-1/2"]
[WhiteElo "1763"]
[BlackElo "2147"]
[Annotator "broadcasts"]
[PlyCount "126"]
[EventDate "2020.08.14"]
[EventType "team-tourn"]
[TimeControl "900+5"]

1. e4 {[%emt 0:00:01]} c5 {[%emt 0:00:03]} 2. Nf3 {[%emt 0:00:01]} d6 {[%emt 0:00:02]} 3. d4 {[%emt 0:00:02]} cxd4 {[%emt 0:00:01]} 4. Nxd4 {[%emt 0:00:00]} Nf6 {[%emt 0:00:01]} 5. Nc3 {[%emt 0:00:02]} Nc6 {[%emt 0:00:02]} 6. Be3 {[%emt 0:00:02]} Ng4 {[%emt 0:00:10]} 7. Bg5 {[%emt 0:00:07]} h6 {[%emt 0:00:17]} 8. Bh4 {[%emt 0:00:01]} g5 {[%emt 0:00:24]} 9. Bg3 {[%emt 0:00:02]} Bg7 {[%emt 0:00:24]} 10. Nf5 {[%emt 0:00:31]} Bxf5 {[%emt 0:00:30]} 11. exf5 {[%emt 0:00:01]} Nf6 {[%emt 0:01:18]} 12. Be2 {[%emt 0:00:57]} Qa5 {[%emt 0:00:43]} 13. O-O {[%emt 0:01:19]} Qxf5 {[%emt 0:01:13]} 14. f4 {[%emt 0:00:30]} g4 {[%emt 0:00:59]} 15. Bh4 {[%emt 0:00:58]} h5 {[%emt 0:00:53]} 16. Bd3 {[%emt 0:00:19]} Qd7 {[%emt 0:01:10]} 17. Qe2 {[%emt 0:00:55]} a6 {[%emt 0:02:51]} 18. Rae1 {[%emt 0:00:06]} O-O-O {[%emt 0:01:29]} 19. a3 {[%emt 0:03:00]} Kb8 {[%emt 0:00:26]} 20. b4 {[%emt 0:00:15]} Rc8 {[%emt 0:01:00]} 21. Na4 {[%emt 0:00:53]} Nd5 {[%emt 0:01:29]} 22. c4 {[%emt 0:01:46]} Nc3 {[%emt 0:00:56]} 23. Nxc3 {[%emt 0:00:31]} Bxc3 {[%emt 0:00:00]} 24. Rd1 {[%emt 0:00:12]} e6 {[%emt 0:00:20]} 25. f5 {[%emt 0:00:36]} Nd4 {[%emt 0:00:03]} 26. Qa2 {[%emt 0:00:30]} Nxf5 {[%emt 0:00:03]} 27. Bxf5 {[%emt 0:00:05]} exf5 {[%emt 0:00:00]} 28. Qb3 {[%emt 0:00:08]} Be5 {[%emt 0:00:02]} 29. c5 {[%emt 0:00:08]} Qc6 {[%emt 0:00:08]} 30. Qxf7 {[%emt 0:00:10]} f4 {[%emt 0:00:03]} 31. cxd6 {[%emt 0:00:11]} Bxd6 {[%emt 0:00:06]} 32. Bg5 {[%emt 0:01:15]} Rhf8 {[%emt 0:00:11]} 33. Qxh5 {[%emt 0:00:05]} f3 {[%emt 0:00:06]} 34. Qxg4 {[%emt 0:00:25]} fxg2 {[%emt 0:00:05]} 35. Rxf8 {[%emt 0:00:07]} Rxf8 {[%emt 0:00:04]} 36. Qxg2 {[%emt 0:00:20]} Qb6+ {[%emt 0:00:01]} 37. Kh1 {[%emt 0:00:07]} Rh8 {[%emt 0:00:09]} 38. h4 {[%emt 0:00:06]} Ka8 {[%emt 0:00:08]} 39. Qd5 {[%emt 0:00:12]} Bb8 {[%emt 0:00:03]} 40. Qd4 {[%emt 0:00:06]} Qc7 {[%emt 0:00:03]} 41. Qf2 {[%emt 0:00:12]} Rf8 {[%emt 0:00:07]} 42. Qg2 {[%emt 0:00:10]} Qb6 {[%emt 0:00:10]} 43. Rf1 {[%emt 0:00:17]} Rc8 {[%emt 0:00:05]} 44. Rc1 {[%emt 0:00:15]} Re8 {[%emt 0:00:04]} 45. Rf1 {[%emt 0:00:09]} Qb5 {[%emt 0:00:02]} 46. Bf4 {[%emt 0:00:33]} Re2 {[%emt 0:00:07]} 47. Qf3 {[%emt 0:00:06]} Re8 {[%emt 0:00:06]} 48. Bxb8 {[%emt 0:00:02]} Kxb8 {[%emt 0:00:03]} 49. Qf4+ {[%emt 0:00:03]} Ka8 {[%emt 0:00:01]} 50. Qf3 {[%emt 0:00:05]} Qc4 {[%emt 0:00:03]} 51. Qg3 {[%emt 0:00:15]} Qe4+ {[%emt 0:00:05]} 52. Kh2 {[%emt 0:00:05]} Rd8 {[%emt 0:00:07]} 53. Rf2 {[%emt 0:00:04]} Rh8 {[%emt 0:00:08]} 54. Rf4 {[%emt 0:00:03]} Qe7 {[%emt 0:00:05]} 55. Rg4 {[%emt 0:00:05]} Ka7 {[%emt 0:00:06]} 56. Qg1+ {[%emt 0:00:02]} Ka8 {[%emt 0:00:08]} 57. Rg8+ {[%emt 0:00:01]} Rxg8 {[%emt 0:00:02]} 58. Qxg8+ {[%emt 0:00:00]} Ka7 {[%emt 0:00:00]} 59. Qg3 {[%emt 0:00:04]} Qe2+ {[%emt 0:00:05]} 60. Kh3 {[%emt 0:00:01]} Qe6+ {[%emt 0:00:04]} 61. Kh2 {[%emt 0:00:04]} Qe2+ {[%emt 0:00:03]} 62. Kh1 {[%emt 0:00:04]} Qe4+ {[%emt 0:00:04]} 63. Kh2 {[%emt 0:00:03]} Qe2+ {[%emt 0:00:01]} 1/2-1/2

[Event "FIDE Online Olympiad Div 2 Pool A 2020"]
[Site "Online"]
[Date "2020.08.16"]
[Round "8"]
[White "Svane, Rasmus"]
[Black "Smirnov, Anton"]
[Result "0-1"]
[WhiteElo "2508"]
[BlackElo "2587"]
[Annotator "TA"]
[PlyCount "108"]
[EventDate "2020.08.14"]
[EventType "team-tourn"]

{[%evp 10,108,40,8,13,8,17,0,0,0,19,21,27,0,0,0,-7,-6,-16,-50,-50,-50,-51,-45,-61,-82,-72,-74,-75,-81,-43,-67,-60,-69,-62,-68,-64,-65,-72,-70,-34,-34,-33,-66,-33,-33,-33,-93,-95,-95,-97,-140,-137,-137,-128,-130,-119,-113,-93,-118,-118,-140,-135,-135,-95,-124,-123,-121,-97,-100,-83,-151,-150,-139,-129,-135,-100,-223,-220,-198,-144,-139,-149,-153,-138,-210,-170,-262,-244,-229,-222,-29967,-29968,-6037,-29962,-6966,-6519,-2258,-2351,-1892,-1791]} 1. Nf3 d5 2. g3 g6 3. Bg2 Bg7 4. d4 Nf6 5. O-O c6 6. c4 dxc4 {D73: Fianchetto Grünfeld: 5 Nf3 .} 7. a4 Ne4 8. Qc2 Nd6 $1 {The position is equal.} 9. e4 a5 $5 {[%mdl 4] [#] An interesting side line.} 10. Rd1 $146 ({Predecessor:} 10. Na3 Na6 11. Qe2 Bg4 12. Rd1 Nb4 13. Bd2 O-O 14. Bc3 Qc7 15. h3 Bxf3 16. Bxf3 e6 17. Nxc4 {½-½ (17) Svane,R (2608)-Sarana,A (2656) Moscow 2020}) 10... Na6 11. e5 Bf5 12. Qc3 Nc8 $1 13. Na3 Nb6 14. Qxa5 Nb8 $1 15. Qe1 Rxa4 16. Bd2 Nd5 17. Ng5 O-O 18. e6 f6 ({Worse is} 18... Bxd4 19. exf7+ Rxf7 20. Nxf7 $16) 19. Ne4 Na6 20. Nc3 Nxc3 {[%mdl 64] Discovered Attack} 21. Bxc3 Nc7 22. Ba5 Qc8 23. Bxc7 Qxc7 24. d5 Qe5 25. dxc6 bxc6 26. Rac1 Qxe1+ 27. Rxe1 Bd3 $36 {[%mdl 2048] aiming for ...f5. Black is more active.} 28. Bf1 (28. Bxc6 $15 Rb4 29. Bd5) 28... f5 $17 {Strongly threatening ...Bxf1.} 29. Nxc4 Bxc4 30. Bxc4 Bxb2 31. Rc2 {[#]} Bd4 $1 32. Rb1 Ra7 33. Kg2 f4 34. Bd3 f3+ 35. Kg1 c5 36. h4 Kg7 37. Kh2 Ra3 38. Bc4 h6 39. Kh3 Kf6 40. Re1 (40. Rb3 $142 Rxb3 41. Bxb3) 40... Rb8 41. Bd5 Rd8 42. Bc4 Kf5 43. Rd2 {[#] Loses the game.} (43. Rd1 $17) 43... g5 $1 $19 44. Bd3+ Kf6 (44... Rxd3 $19 45. g4+ Kf4 46. Rxd3 Rh8) 45. hxg5+ hxg5 46. Be4 Rd6 ({Don't take} 46... Kxe6 47. Bxf3+ Kf6 48. Kg4 $17) 47. Red1 (47. Bb7 $17 {was worth a try.}) 47... Rxe6 48. Bd5 (48. Bb1 {keeps fighting.}) 48... Re5 49. Bb7 Kf5 {Hoping for ...g4+.} 50. Rd3 $2 (50. g4+ $19 Ke6 51. Rd3 Rxd3 52. Rxd3) 50... g4+ 51. Kh4 Rxd3 52. Rxd3 Re1 {[%cal Re1h1] Black is clearly winning.} 53. Bxf3 gxf3 54. Rxf3+ Ke4 {Accuracy: White = 61%, Black = 88%.} 0-1